000 00730nam a2200253 i 4500
001 C2-0243374
003 PPAK
005 20180727205036.0
008 021022s1992 my |||| ||||| | may d
040 _aPPAK
_beng
_cPPAK
_erda
082 0 4 _a370.15
_223
090 0 0 _a370.15
_bRAJ
_dKAM
090 0 0 _a370.15
_bRAJ
_dKK
100 0 _aRaja Maznah Raja Hussain,
_eauthor
245 1 0 _aPengurusan sekolah menengah di abad 21 :
_bsatu ramalan
264 1 _aSelangor :
_bKementerian Pendidikan Malaysia ,
_c1992
300 _a7 pages ;
_c30 cm
336 _2rdacontent
_atext
337 _2rdamedia
_aunmediated
338 _2rdacarrier
_avolume
500 _aKertas Kerja 21
650 1 0 _aStudents - Psychology
942 _ddc
_cB
999 _c57901
_d57901